书目信息 |
| 题名: |
交通运输工程
|
|
| 作者: | 冯树民 编 | |
| 分册: | ||
| 出版信息: | 北京 知识产权出版社 2004.10 |
|
| 页数: | 217页 | |
| 开本: | 26cm | |
| 丛书名: | 高等院校交通运输工程专业试用教材 | |
| 单 册: | ||
| 中图分类: | U491 | |
| 科图分类: | ||
| 主题词: | 交通运输--jiao tong yun shu--运输工程--高等学校--教材 | |
| 电子资源: | ||
| ISBN: | 7-80198-128-6 | |
| 000 | 01045nam 2200265 450 | |
| 001 | 0140704124 | |
| 005 | 20050529125846.31 | |
| 010 | @a7-80198-128-6@dCNY23.00 | |
| 100 | @a20050504d2004 km y0chiy0120 ea | |
| 101 | 0 | @achi |
| 102 | @aCN@b110000 | |
| 105 | @aa a 000yy | |
| 200 | 1 | @a交通运输工程@Ajiao tong yun shu gong cheng@f冯树民编@Ffeng shu min bian |
| 210 | @a北京@c知识产权出版社@d2004.10 | |
| 215 | @a217页@c图@d26cm | |
| 225 | 2 | @a高等院校交通运输工程专业试用教材@Agao deng yuan xiao jiao tong yun shu gong cheng zhuan ye shi yong jiao cai |
| 320 | @a有书目 (第217页)。 | |
| 330 | @a本书共分8章,包括:交通运输系统规划;铁路运输系统;道路运输系统;水路运输系统;航空运输系统;管道运输系统;综合运输系统。 | |
| 333 | @a交通运输工程学学习者、高等院校相关专业师生及普通读者。 | |
| 410 | 0 | @12001 @a高等院校交通运输工程专业试用教材 |
| 606 | 0 | @a交通运输@Ajiao tong yun shu@x运输工程@x高等学校@x教材 |
| 690 | @aU491@v4 | |
| 701 | 0 | @a冯树民@Afeng shu min@4编 |
| 801 | 0 | @aCN@bRULIN@c20050529 |
| 905 | @a10447@dU491@eF514 | |
| 交通运输工程/冯树民编.-北京:知识产权出版社,2004.10 |
| 217页:图;26cm.-(高等院校交通运输工程专业试用教材) |
| 使用对象:交通运输工程学学习者、高等院校相关专业师生及普通读者。 |
| ISBN 7-80198-128-6:CNY23.00 |
| 本书共分8章,包括:交通运输系统规划;铁路运输系统;道路运输系统;水路运输系统;航空运输系统;管道运输系统;综合运输系统。 |
| ● |
| 相关链接 |
|
|
|
正题名:交通运输工程
索取号:U491/F514
 
预约/预借
| 序号 | 登录号 | 条形码 | 馆藏地/架位号 | 状态 | 备注 |
| 1 | 520385 | 205203858 | 自科库501/501自科库 88排2列1层/ [索取号:U491/F514] | 在馆 | |
| 2 | 520386 | 205203867 | 自科库501/501自科库 88排2列1层/ [索取号:U491/F514] | 在馆 | |
| 3 | 520387 | 205203876 | 自科二线400A/400A自科库 32排3列2层/ [索取号:U491/F514] | 在馆 |